Snatak mahalar adhunik shikshatatta aru shiksha niti (Record no. 8502)

MARC details
000 -LEADER
fixed length control field 00598cam a2200217ua 4500
008 - FIXED-LENGTH DATA ELEMENTS--GENERAL INFORMATION
fixed length control field 150911n ii |||gr||||Z||||||asm
040 ## - CATALOGING SOURCE
Transcribing agency MAIN
041 ## - LANGUAGE CODE
-- asm
082 ## - DEWEY DECIMAL CLASSIFICATION NUMBER
Classification number 370
100 ## - MAIN ENTRY--PERSONAL NAME
Personal name Deka, Kandarpa kumar,
Relator term
245 1# - TITLE STATEMENT
Title Snatak mahalar adhunik shikshatatta aru shiksha niti
Statement of responsibility, etc. by kandarpa Kumar Deka
250 ## - EDITION STATEMENT
Edition statement 3rd rev. ed.
260 ## - PUBLICATION, DISTRIBUTION, ETC.
Place of publication, distribution, etc. Guwahati:
Name of publisher, distributor, etc. Asom Book Depot,
Date of publication, distribution, etc. Author.
300 ## - PHYSICAL DESCRIPTION
Extent 448p.
700 ## - ADDED ENTRY--PERSONAL NAME
Personal name Sarma, Mukunda,
Relator term
700 ## - ADDED ENTRY--PERSONAL NAME
Personal name Chakraborty, Abha Mishra,
Relator term
942 ## - ADDED ENTRY ELEMENTS (KOHA)
Koha item type Books
653 ## - INDEX TERM--UNCONTROLLED
Uncontrolled term Education
653 ## - INDEX TERM--UNCONTROLLED
Uncontrolled term Educational theory
Holdings
Withdrawn status Lost status Damaged status Not for loan Home library Current library Shelving location Date acquired Total Checkouts Full call number Barcode Date last seen Copy number Price effective from Koha item type
        Central Library, Naharkatiya College Central Library, Naharkatiya College General Stacks 19/09/2020   370 | DEK 18430 19/09/2020 1 19/09/2020 Books

Naharkatiya College © 2020. All rights reserved.

Powered By